[Event "12th American Continental"]
[Site "Medellin COL"]
[Date "2017.06.16"]
[Round "9.99"]
[White "Zuniga Garcia, Eddy Andres"]
[Black "Barria Baker, Raisa Melissa"]
[Result "1-0"]
[WhiteElo "1879"]
[BlackElo "1971"]
[EventDate "2017.06.10"]
[PlyCount "97"]

1.d4 d5 2.Nf3 Nf6 3.Bg5 c5 4.e3 Ne4 5.Bf4 Qb6 6.Qc1 cxd4 7.exd4 Nd7 8.c3 
h6 9.h3 Qg6 10.Nbd2 a6 11.Qc2 Nxd2 12.Qxd2 Nf6 13.Ne5 Qe4+ 14.Be3 Qf5 15.
Bd3 Qe6 16.Qc2 Bd7 17.O-O Rc8 18.Rfe1 Qb6 19.a4 e6 20.a5 Qc7 21.Bg6 Bd6 
22.Nxf7 O-O 23.Nxd6 Qxd6 24.Qc1 Qe7 25.Bf4 Nh7 26.Bxh7+ Kxh7 27.Be5 Qh4 
28.Qc2+ g6 29.Re3 Rf5 30.Bg3 Qe7 31.Rae1 Rcf8 32.Qb3 Bc8 33.Qb6 Qf7 34.Re5
Rxe5 35.Rxe5 g5 36.Qd6 Kg8 37.Re3 Qh7 38.Qb8 Qd7 39.Be5 Kh7 40.Rg3 Qf7 41.
Qd6 Qxf2+ 42.Kh2 Rf7 43.h4 g4 44.Rxg4 h5 45.Qd8 hxg4 46.Qh8+ Kg6 47.Qg8+ 
Kh6 48.Qg5+ Kh7 49.Qh5+ 1-0

[Event "12th American Continental"]
[Site "Medellin COL"]
[Date "2017.06.16"]
[Round "9.100"]
[White "Ramirez Gonzalez, Maria Jose"]
[Black "Patino Garcia, Corals"]
[Result "0-1"]
[WhiteElo "1824"]
[BlackElo "1967"]
[EventDate "2017.06.10"]
[PlyCount "36"]

1.e4 c5 2.Nf3 e6 3.d4 cxd4 4.Nxd4 Nc6 5.Nc3 Qc7 6.Be3 a6 7.f3 Bb4 8.Nxc6 
bxc6 9.Qd4 Be7 10.Be2 Bf6 11.Qd2 Rb8 12.Rb1 Bh4+ 13.g3 Be7 14.O-O Nf6 15.
f4 Bb4 16.Bf3 d5 17.exd5 cxd5 18.Bxd5 Bc5 {(...)} 0-1

[Event "12th American Continental"]
[Site "Medellin COL"]
[Date "2017.06.16"]
[Round "9.101"]
[White "Obando Guzman, Soren Federico"]
[Black "Cespedes Galindo, Estefania"]
[Result "1-0"]
[WhiteElo "1964"]
[BlackElo "1748"]
[EventDate "2017.06.10"]
[PlyCount "49"]

1.d4 Nf6 2.c4 e6 3.Nf3 Bb4+ 4.Nbd2 b6 5.g3 Bb7 6.Bg2 O-O 7.O-O d6 8.Nb1 d5
9.a3 Be7 10.Ne5 Nbd7 11.Nc3 Ne4 12.Nxe4 dxe4 13.Qc2 f5 14.Rd1 Nxe5 15.dxe5
Qe8 16.c5 Bd5 17.Be3 Qb5 18.Rdc1 Bb3 19.Qc3 Rad8 20.a4 Bxa4 21.b4 Qd7 22.
c6 Bxc6 23.Qxc6 Bxb4 24.Rxa7 Ba5 25.Rxc7 1-0

[Event "12th American Continental"]
[Site "Medellin COL"]
[Date "2017.06.16"]
[Round "9.104"]
[White "Meza Galvan, Luis"]
[Black "Echavarria Ramirez, Juan Diego"]
[Result "0-1"]
[WhiteElo "1757"]
[BlackElo "1924"]
[EventDate "2017.06.10"]
[PlyCount "44"]

1.e4 e5 2.Nf3 Nc6 3.d4 exd4 4.Nxd4 Nf6 5.Nxc6 bxc6 6.e5 Nd5 7.c4 Nb6 8.Nc3
Be7 9.Qg4 g6 10.Bh6 d5 11.Qf3 Be6 12.O-O-O Bg5+ 13.Bxg5 Qxg5+ 14.Kb1 O-O 
15.Qg3 Qxg3 16.hxg3 dxc4 17.Ne4 Bf5 18.f3 Bxe4+ 19.fxe4 Rfe8 20.Be2 Rxe5 
21.Bf3 Rb8 22.Rh6 Na4 {(...)} 0-1

[Event "12th American Continental"]
[Site "Medellin COL"]
[Date "2017.06.16"]
[Round "9.105"]
[White "Giraldo, Leonardo Emilio"]
[Black "Ramos Arboleda, Dellys Carolina"]
[Result "1-0"]
[WhiteElo "1912"]
[BlackElo "1664"]
[EventDate "2017.06.10"]
[PlyCount "61"]

1.e4 c5 2.Nf3 d6 3.d4 cxd4 4.Qxd4 Nc6 5.Bb5 Bd7 6.Bxc6 Bxc6 7.Nc3 Nf6 8.
Bg5 Nd7 9.O-O-O Qb6 10.Qd2 Rc8 11.Rhe1 h6 12.Be3 Qa5 13.Kb1 Nb6 14.Bxb6 
Qxb6 15.Nd4 e6 16.f3 Be7 17.f4 O-O 18.g4 e5 19.Nf5 Rfe8 20.h4 Bf8 21.g5 
exf4 22.Qxf4 hxg5 23.hxg5 Bd7 24.Nd5 Qc5 25.c3 Bxf5 26.Qxf5 Re5 27.Qg4 
Rce8 28.Rh1 f5 29.gxf6 Rxe4 30.Qg6 Qf2 31.f7+ 1-0

[Event "12th American Continental"]
[Site "Medellin COL"]
[Date "2017.06.16"]
[Round "9.106"]
[White "Borensztajn, David"]
[Black "Lopez Gonzalez, Carlos Andres"]
[Result "0-1"]
[WhiteElo "1950"]
[BlackElo "1653"]
[EventDate "2017.06.10"]
[PlyCount "33"]

1.Nf3 c5 2.g3 Nc6 3.Bg2 g6 4.O-O Bg7 5.c4 Nf6 6.Nc3 O-O 7.d3 a6 8.Qc2 d6 
9.e3 Nb4 10.Qe2 Nc6 11.Qc2 Rb8 12.b3 Nb4 13.Qd2 d5 14.a3 Nc6 15.cxd5 Nxd5 
16.Bb2 Nf6 17.Rab1 {(...)} 0-1

[Event "12th American Continental"]
[Site "Medellin COL"]
[Date "2017.06.17"]
[Round "10.3"]
[White "Erenburg, Sergey"]
[Black "Iturrizaga Bonelli, Eduardo"]
[Result "1/2-1/2"]
[WhiteElo "2550"]
[BlackElo "2663"]
[EventDate "2017.06.10"]
[PlyCount "25"]

1.e4 c6 2.d4 d5 3.e5 Bf5 4.Nf3 e6 5.Be2 Nd7 6.O-O h6 7.Nbd2 Ne7 8.Nb3 g5 
9.a4 Bg7 10.a5 O-O 11.c4 dxc4 12.Bxc4 Rc8 13.Be3 1/2-1/2

[Event "12th American Continental"]
[Site "Medellin COL"]
[Date "2017.06.17"]
[Round "10.4"]
[White "Bachmann Schiavo, Axel"]
[Black "Bacallao Alonso, Yusnel"]
[Result "1/2-1/2"]
[WhiteElo "2653"]
[BlackElo "2554"]
[EventDate "2017.06.10"]
[PlyCount "66"]

1.c4 Nf6 2.Nf3 e6 3.d4 b6 4.g3 Bb7 5.Bg2 Be7 6.O-O O-O 7.Re1 d5 8.cxd5 
exd5 9.Nc3 Nbd7 10.Bf4 c5 11.dxc5 Nxc5 12.Rc1 Re8 13.Nb5 Rf8 14.Nfd4 Qd7 
15.b4 Rfc8 16.bxc5 bxc5 17.Nc7 Rxc7 18.Bxc7 Qxc7 19.Qa4 g6 20.Red1 h5 21.
e3 a6 22.Nb3 Rc8 23.Qa5 Qd6 24.Nxc5 Rxc5 25.Qxc5 Qxc5 26.Rxc5 Bxc5 27.Rb1 
Bc6 28.Rb8+ Be8 29.Bxd5 a5 30.Bc6 Kf8 31.Bxe8 Nxe8 32.Rb5 Bb4 33.a3 Bxa3 
1/2-1/2

[Event "12th American Continental"]
[Site "Medellin COL"]
[Date "2017.06.17"]
[Round "10.9"]
[White "Ynojosa Aponte, Felix Jose"]
[Black "Peralta, Fernando"]
[Result "1/2-1/2"]
[WhiteElo "2395"]
[BlackElo "2569"]
[EventDate "2017.06.10"]
[PlyCount "87"]

1.c4 Nf6 2.Nc3 e6 3.e4 d5 4.e5 d4 5.exf6 dxc3 6.bxc3 Qxf6 7.d4 e5 8.Nf3 
Nc6 9.d5 e4 10.dxc6 exf3 11.Qxf3 Qxf3 12.gxf3 bxc6 13.Be3 c5 14.Bd3 f5 15.
Rb1 a6 16.Bf4 Bd6 17.Bxd6 cxd6 18.Rb6 Kd7 19.Bxf5+ Kc7 20.Be4 Kxb6 21.Bxa8
Be6 22.Bd5 Bxd5 23.cxd5 Kb5 24.Rg1 Kc4 25.Kd2 g6 26.Rg4+ Kxd5 27.c4+ Ke6 
28.Re4+ Kd7 29.Rf4 Ke6 30.Re4+ Kf6 31.Rf4+ Ke7 32.Re4+ Kd7 33.Rf4 Rb8 34.
Rf7+ Ke6 35.Rxh7 Rb2+ 36.Ke3 Rxa2 37.Rg7 Kf6 38.Rd7 Ke6 39.Rg7 Kf6 40.Rd7 
Ke5 41.f4+ Ke6 42.Rg7 Kf6 43.Rd7 Ke6 44.Ke4 1/2-1/2

[Event "12th American Continental"]
[Site "Medellin COL"]
[Date "2017.06.17"]
[Round "10.10"]
[White "Fernandez, Fernando"]
[Black "Ramirez Alvarez, Alejandro"]
[Result "1/2-1/2"]
[WhiteElo "2416"]
[BlackElo "2552"]
[EventDate "2017.06.10"]
[PlyCount "135"]

1.e4 c5 2.Nf3 e6 3.d4 cxd4 4.Nxd4 Nc6 5.Nc3 Qc7 6.Be3 a6 7.Qd2 Nf6 8.O-O-O
Bb4 9.f3 Ne5 10.Nb3 b5 11.Kb1 Be7 12.Qf2 Bb7 13.Na5 O-O 14.Bb6 Qc8 15.Rg1 
d6 16.g4 Nfd7 17.Bd4 Nc6 18.Nxc6 Qxc6 19.g5 b4 20.Ne2 a5 21.Nf4 Rfe8 22.
Bh3 Bf8 23.Nh5 g6 24.Nf6+ Nxf6 25.gxf6 a4 26.Qh4 b3 27.Rg2 bxa2+ 28.Ka1 e5
29.Bc3 Bc8 30.Bxc8 Rexc8 31.Rd3 Rab8 32.Qe1 Qc4 33.Qd2 Rb6 34.Rg3 Rcb8 35.
Rg1 h5 36.Rd5 Kh7 37.Rd1 Bh6 38.Qd3 Qxd3 39.R5xd3 Bf4 40.h3 g5 41.Rxd6 Kg6
42.Kxa2 Rxd6 43.Rxd6 Rc8 44.Ka3 Rc4 45.Ra6 g4 46.fxg4 hxg4 47.hxg4 Rxe4 
48.Rxa4 Re2 49.b4 Rxc2 50.Kb3 Rh2 51.b5 Rh8 52.Re4 Re8 53.Ba5 Rc8 54.Rc4 
Rb8 55.Rc5 e4 56.Kc4 e3 57.Kd3 Re8 58.Ke2 Rh8 59.Rf5 Rh2+ 60.Kd3 Bg5 61.
Bc3 Rh1 62.Ke2 Rc1 63.Be1 Bxf6 64.Rd5 Bg5 65.Rd4 Rc2+ 66.Kf3 Rc1 67.Ke2 
Rc2+ 68.Kf3 1/2-1/2

[Event "12th American Continental"]
[Site "Medellin COL"]
[Date "2017.06.17"]
[Round "10.12"]
[White "Terry Lujan, Renato Alfredo"]
[Black "Valdes Romero, Leonardo"]
[Result "1-0"]
[WhiteElo "2454"]
[BlackElo "2407"]
[EventDate "2017.06.10"]
[PlyCount "135"]

1.d4 d6 2.c4 Nf6 3.Nc3 Nbd7 4.g3 e5 5.e3 Be7 6.Bg2 O-O 7.Nge2 c6 8.O-O Re8
9.b3 Bf8 10.Qc2 Qc7 11.Bb2 a6 12.Rac1 Rb8 13.Rfd1 g6 14.h3 h5 15.Rd2 Be7 
16.Rf1 Bf8 17.Rfd1 Ra8 18.d5 c5 19.e4 Qd8 20.a4 Bh6 21.Rd3 h4 22.Rf1 Nh5 
23.Bc1 Bxc1 24.Qxc1 Ndf6 25.g4 Ng7 26.f4 Nh7 27.f5 g5 28.f6 Nxf6 29.Qxg5 
Nh7 30.Qh6 Rf8 31.Rdf3 Ne8 32.Qc1 Qg5 33.Qe1 Qh6 34.a5 Ng5 35.Rd3 Bd7 36.
Nd1 Ng7 37.Ne3 Rab8 38.b4 Rfc8 39.bxc5 Rxc5 40.Qb4 Nh7 41.Qb6 Nf8 42.Nc3 
Ne8 43.Qb4 Ng7 44.Ne2 Ne8 45.Nc3 Ng7 46.Nf5 Qf6 47.g5 Qxg5 48.Nxd6 Rc7 49.
Nxf7 Qg6 50.Nxe5 Qh5 51.Qd6 Re8 52.Rxf8+ Rxf8 53.Qxc7 Bxh3 54.Rxh3 Qg5 55.
Ne2 Qd2 56.Rf3 Qe1+ 57.Rf1 Rxf1+ 58.Bxf1 Qd2 59.Qd8+ Kh7 60.Qxh4+ Kg8 61.
Qf4 Qxa5 62.Qf7+ Kh7 63.Nd7 Qd2 64.Qf4 Qb2 65.e5 a5 66.Nf6+ Kg6 67.Ne4 a4 
68.Qf6+ 1-0

[Event "12th American Continental"]
[Site "Medellin COL"]
[Date "2017.06.17"]
[Round "10.13"]
[White "Ortiz Suarez, Isan Reynaldo"]
[Black "Cori Quispe, Kevin Joel"]
[Result "1/2-1/2"]
[WhiteElo "2570"]
[BlackElo "2390"]
[EventDate "2017.06.10"]
[PlyCount "82"]

1.e4 c5 2.Nf3 e6 3.d4 cxd4 4.Nxd4 a6 5.c4 Nf6 6.Nc3 Qc7 7.Be2 b6 8.Be3 Bb7
9.f3 Be7 10.O-O d6 11.Qd2 O-O 12.Rfc1 Nbd7 13.a4 Rab8 14.Nd1 Ne5 15.a5 
bxa5 16.Qxa5 Qxa5 17.Rxa5 Rfc8 18.Ra2 d5 19.exd5 exd5 20.Nf5 Bc5 21.b4 
Bxb4 22.c5 Rc7 23.Bxa6 Bxa6 24.Rxa6 Nd3 25.Rb1 Nxc5 26.Ra2 Ncd7 27.Rab2 
Rc4 28.Bf2 d4 29.Bxd4 Nd5 30.Bf2 Re8 31.Nfe3 Bc5 32.Rb3 Nxe3 33.Nxe3 Ra4 
34.Rb7 Bxe3 35.Bxe3 Rxe3 36.Rxd7 g6 37.Rb8+ Kg7 38.Rbb7 Rf4 39.Kf2 Ra3 40.
Kg3 Rf5 41.h4 h5 1/2-1/2

[Event "12th American Continental"]
[Site "Medellin COL"]
[Date "2017.06.17"]
[Round "10.14"]
[White "Umetsubo, Cesar Hidemitsu"]
[Black "Cruz Sanchez, Cristhian"]
[Result "1-0"]
[WhiteElo "2381"]
[BlackElo "2558"]
[EventDate "2017.06.10"]
[PlyCount "119"]

1.d4 Nf6 2.c4 e6 3.Nc3 Bb4 4.a3 Bxc3+ 5.bxc3 b6 6.f3 Ba6 7.e4 Nc6 8.Bg5 h6
9.Bh4 Na5 10.Qa4 Qc8 11.Nh3 Qb7 12.Nf2 Qc6 13.Qxc6 dxc6 14.Bxf6 gxf6 15.
Ng4 Bxc4 16.Nxf6+ Ke7 17.Ng4 Rad8 18.Ne3 Bb3 19.g4 Rd6 20.h4 Rhd8 21.g5 c5
22.d5 Rh8 23.f4 hxg5 24.fxg5 c6 25.e5 Rxd5 26.Nxd5+ cxd5 27.Kf2 Bc2 28.Kg3
Nb3 29.Ra2 Bg6 30.Be2 c4 31.h5 Be4 32.Bf3 Nc5 33.Re2 Bf5 34.Re3 Rg8 35.Kh4
Rd8 36.h6 d4 37.cxd4 Rxd4+ 38.Kg3 Bh7 39.Rh4 Rxh4 40.Kxh4 b5 41.Bc6 a6 42.
Kg3 Kf8 43.Kf2 Bd3 44.Rh3 Kg8 45.Be8 Kh7 46.Bxf7 Ne4+ 47.Ke3 Nxg5 48.Bg8+ 
Kxg8 49.Rg3 Kh7 50.Rxg5 Kxh6 51.Rg8 a5 52.Rb8 b4 53.axb4 axb4 54.Rxb4 Kg5 
55.Rb8 Kf5 56.Kd4 Kf4 57.Rf8+ Bf5 58.Rc8 Bd3 59.Rc7 Kf3 60.Rc6 1-0

[Event "12th American Continental"]
[Site "Medellin COL"]
[Date "2017.06.17"]
[Round "10.15"]
[White "Shabalov, Alexander"]
[Black "Ruiz Castillo, Joshua Daniel"]
[Result "1-0"]
[WhiteElo "2556"]
[BlackElo "2367"]
[EventDate "2017.06.10"]
[PlyCount "189"]

1.e4 c5 2.Nc3 g6 3.h4 h5 4.Bc4 Nc6 5.Nf3 Bg7 6.d3 Na5 7.Bb3 Nf6 8.Bg5 Nxb3
9.axb3 d6 10.Qd2 a6 11.O-O Bg4 12.Nh2 Bd7 13.Rae1 O-O 14.Bh6 b5 15.Bxg7 
Kxg7 16.f4 b4 17.Nd1 d5 18.e5 Nh7 19.Ne3 d4 20.Nc4 a5 21.Qf2 Ra6 22.Nf3 
Qa8 23.Nfd2 Rc8 24.Ne4 Nf8 25.Ng3 Bf5 26.e6 f6 27.Nxf5+ gxf5 28.Qg3+ Ng6 
29.Rf3 Rf8 30.Ra1 Qd5 31.Rxa5 Rxa5 32.Nxa5 Ra8 33.Nc4 Ra6 34.Rf1 Rxe6 35.
Qf2 Qa8 36.g3 Kf8 37.Qd2 Kg7 38.Kf2 Ra6 39.Qd1 Kh6 40.Re1 e6 41.Qf3 Qa7 
42.Ke2 Nh8 43.Kd2 Nf7 44.Qh1 Kg6 45.Rf1 Nd8 46.Re1 Qb7 47.Qxb7 Nxb7 48.Ke2
Kf7 49.Rc1 Ke7 50.c3 Nd8 51.cxb4 cxb4 52.Kf3 Nc6 53.Re1 Kd7 54.Kf2 Ke7 55.
Kf3 Kd7 56.Kf2 Ne7 57.Kf3 Nd5 58.Rc1 Nc7 59.Ke2 Nb5 60.Kd2 Ke7 61.Rc2 Kd7 
62.Rc1 Na7 63.Re1 Nc6 64.Rf1 Nb8 65.Re1 Kc7 66.Rc1 Kb7 67.Ke2 Nd7 68.Nd2 
Rc6 69.Ra1 Ra6 70.Rc1 Nb8 71.Rc5 Nc6 72.Nc4 Kc7 73.Kd2 Ra1 74.Ke2 Kd7 75.
Rb5 Ra7 76.Kd2 Kc7 77.Ke2 Ra8 78.Rc5 Ra6 79.Kd2 Ra1 80.Ke2 Ra8 81.Kf2 Kd7 
82.Rb5 Rb8 83.Rc5 Rb7 84.Ke2 Ne7 85.Ra5 Nc6 86.Rc5 Rb8 87.Kf2 Ne7 88.Ra5 
Nd5 89.Ra6 Nc7 90.Rd6+ Kc8 91.Nb6+ Kb7 92.Na4 Re8 93.Nc5+ Kc8 94.Rxd4 Nd5 
95.Nxe6 1-0

[Event "12th American Continental"]
[Site "Medellin COL"]
[Date "2017.06.17"]
[Round "10.16"]
[White "Sanchez Lizcano, Sebastian Felipe"]
[Black "Kaidanov, Gregory"]
[Result "0-1"]
[WhiteElo "2388"]
[BlackElo "2550"]
[EventDate "2017.06.10"]
[PlyCount "132"]

1.c4 e6 2.Nf3 d5 3.g3 Nf6 4.Bg2 dxc4 5.Qa4+ Nbd7 6.Qxc4 a6 7.Qc2 c5 8.O-O 
b6 9.b3 Bb7 10.Bb2 Be7 11.d3 O-O 12.Nbd2 Rc8 13.Rac1 b5 14.Qb1 Qb6 15.Qa1 
Rfd8 16.a3 Ne8 17.Rc2 Nf8 18.Rfc1 f6 19.d4 Rc7 20.e3 Rdc8 21.dxc5 Bxc5 22.
Bd4 Nd7 23.Bxc5 Nxc5 24.b4 Ne4 25.Qd4 Qxd4 26.Nxd4 Rxc2 27.Rxc2 Rxc2 28.
Nxc2 N8d6 29.Nxe4 Bxe4 30.Bxe4 Nxe4 31.Nd4 Kf7 32.Nc6 Nd2 33.Nb8 Nc4 34.
Nxa6 Nxa3 35.Kf1 Ke7 36.Ke2 Kd6 37.Kd3 Nc4 38.f4 f5 39.Nc5 Kd5 40.h3 e5 
41.e4+ fxe4+ 42.Nxe4 Nb2+ 43.Ke3 exf4+ 44.gxf4 Kc4 45.f5 Kxb4 46.h4 Ka3 
47.Kd4 b4 48.h5 h6 49.f6 gxf6 50.Nxf6 Na4 51.Ne4 Nb6 52.Kc5 Nc8 53.Kd5 Kb3
54.Kc5 Ne7 55.Kb5 Ka3 56.Kc4 b3 57.Nd2 b2 58.Kd4 Ka2 59.Ke5 Nc6+ 60.Kd5 
Na5 61.Ne4 Kb3 62.Kd4 Kc2 63.Nc3 Nb3+ 64.Kc4 Nd2+ 65.Kd4 Ne4 66.Nb5 Kb3 
0-1

[Event "12th American Continental"]
[Site "Medellin COL"]
[Date "2017.06.17"]
[Round "10.19"]
[White "Barrientos Chavarriaga, Sergio"]
[Black "Torres, Juan Camilo"]
[Result "1-0"]
[WhiteElo "2463"]
[BlackElo "2275"]
[EventDate "2017.06.10"]
[PlyCount "113"]

1.e4 e5 2.Nf3 Nc6 3.Bb5 a6 4.Ba4 Nf6 5.O-O Be7 6.Re1 b5 7.Bb3 d6 8.c3 O-O 
9.d4 Nd7 10.a4 Bb7 11.d5 Na5 12.Ba2 c6 13.b4 cxd5 14.bxa5 dxe4 15.Nfd2 Nc5
16.Ba3 d5 17.Bxc5 Bxc5 18.Nb3 Be7 19.axb5 axb5 20.N1d2 Kh8 21.Qe2 Qd7 22.
Red1 f5 23.Nf1 b4 24.cxb4 Bxb4 25.Qb2 Qe7 26.Rab1 Ba3 27.Qd2 d4 28.Nc1 f4 
29.Qe1 f3 30.g3 Qd7 31.Ne3 Ba6 32.Bc4 Qc7 33.Bxa6 dxe3 34.Qxe3 Bc5 35.Qxe4
Rxa6 36.Nb3 Bd4 37.Rbc1 Qa7 38.Rc2 Qa8 39.Qe1 h6 40.h3 Qd5 41.Qb4 Raa8 42.
Nxd4 exd4 43.Rc5 Qe6 44.g4 d3 45.Rxd3 Rab8 46.Qd2 Qe7 47.Rd6 Rf6 48.Rxf6 
Qxf6 49.Rf5 Qc6 50.Qf4 Ra8 51.Kh2 Qc8 52.Qxf3 Qc7+ 53.Kg2 Qd8 54.h4 Kh7 
55.g5 Ra6 56.Rd5 Qa8 57.Qd3+ 1-0

[Event "12th American Continental"]
[Site "Medellin COL"]
[Date "2017.06.17"]
[Round "10.20"]
[White "Rios Parra, Alejandro"]
[Black "Tang, Andrew"]
[Result "1/2-1/2"]
[WhiteElo "2345"]
[BlackElo "2461"]
[EventDate "2017.06.10"]
[PlyCount "162"]

1.e4 e5 2.Nf3 Nc6 3.Bb5 a6 4.Ba4 d6 5.c3 Bd7 6.d4 Nf6 7.Nbd2 g6 8.O-O b5 
9.Bb3 Bg7 10.Qe2 O-O 11.dxe5 Nxe5 12.Nxe5 dxe5 13.Rd1 c5 14.Nf1 c4 15.Bc2 
Qc7 16.Bg5 Bc6 17.a4 h6 18.Bxf6 Bxf6 19.Ne3 Qb7 20.Nd5 Bg7 21.b3 cxb3 22.
Bxb3 Rfd8 23.axb5 axb5 24.g3 Kh8 25.c4 bxc4 26.Qxc4 Rac8 27.Qd3 f5 28.f3 
Rf8 29.Ra2 fxe4 30.fxe4 Rf7 31.Bc4 Rcf8 32.Qb3 Qxb3 33.Bxb3 Rb7 34.Bc4 Bd7
35.Rda1 Kh7 36.Ra7 Rfb8 37.Rxb7 Rxb7 38.h4 h5 39.Ra2 Kh6 40.Rf2 Be6 41.Kg2
Ra7 42.Ra2 Rb7 43.Rf2 Rb8 44.Rc2 Bd7 45.Ne3 Bf8 46.Bd5 Bd6 47.Bf7 Ba4 48.
Ra2 Bb5 49.Bc4 Be8 50.Bd5 Bc5 51.Nc4 Bd4 52.Ra8 Rxa8 53.Bxa8 Ba4 54.Bd5 
Kg7 55.Nd2 Kf6 56.Nf3 Bc3 57.Ng5 Bc2 58.Nh7+ Ke7 59.Ng5 Bb2 60.Nh7 Bc1 61.
Ng5 Bb1 62.Nh7 Kd6 63.Kf3 Ke7 64.Ng5 Bc2 65.Kf2 Bd1 66.Nh7 Bg4 67.Ng5 Bb2 
68.Bf7 Bd4+ 69.Kg2 Kf6 70.Bd5 Be3 71.Nh7+ Ke7 72.Ng5 Bc1 73.Nh7 Bh6 74.Ng5
Bd1 75.Kf2 Ba4 76.Kf3 Be8 77.Kf2 Bg7 78.Kf3 Bf6 79.Nh7 Bg7 80.Ng5 Bf6 81.
Nh7 Bg7 1/2-1/2

[Event "12th American Continental"]
[Site "Medellin COL"]
[Date "2017.06.17"]
[Round "10.31"]
[White "Del Castilho, Martyn"]
[Black "Molina, Roberto Junio Brito"]
[Result "1/2-1/2"]
[WhiteElo "2254"]
[BlackElo "2464"]
[EventDate "2017.06.10"]
[PlyCount "40"]

1.e4 c5 2.Nf3 e6 3.d4 cxd4 4.Nxd4 Nc6 5.Nc3 Qc7 6.g3 a6 7.Bg2 Nf6 8.O-O d6
9.Re1 Nd7 10.Nxc6 bxc6 11.Na4 Be7 12.c4 Rb8 13.c5 Nxc5 14.Nxc5 dxc5 15.Qc2
e5 16.b3 Be6 17.Bf1 a5 18.Be3 Qa7 19.Rec1 a4 20.Bxc5 Bxc5 1/2-1/2

[Event "12th American Continental"]
[Site "Medellin COL"]
[Date "2017.06.17"]
[Round "10.51"]
[White "Henao, Bernardo Andres"]
[Black "Mateus Urbano, Alejandro"]
[Result "0-1"]
[WhiteElo "2059"]
[BlackElo "2255"]
[EventDate "2017.06.10"]
[PlyCount "118"]

1.d4 Nf6 2.c4 e6 3.Nf3 d5 4.Nc3 c6 5.g3 dxc4 6.Bg2 b5 7.Ne5 Nd5 8.Qc2 Bb7 
9.O-O Nd7 10.f4 Nxe5 11.fxe5 Nxc3 12.bxc3 Be7 13.a4 Qd7 14.Be4 h6 15.e3 
O-O 16.Qg2 a6 17.Ra2 b4 18.cxb4 Bxb4 19.Ba3 a5 20.Rb1 Qe7 21.Rab2 Qg5 22.
Bxb4 axb4 23.Rxb4 Qxe3+ 24.Kh1 Ba6 25.Bxc6 Rad8 26.Qg1 Qd3 27.Rd1 Qc3 28.
Qe1 Qa3 29.Ra1 Qd3 30.Rd1 Qa3 31.Ra1 Qd3 32.Rd1 Qf5 33.Rb6 Bc8 34.Qe2 Bd7 
35.Be4 Qg5 36.Qxc4 Qg4 37.Re1 Rc8 38.Qb3 Qg5 39.Qd1 Rc4 40.a5 Rfc8 41.a6 
Rc1 42.Qe2 f5 43.a7 fxe4 44.Rb8 Rxe1+ 45.Qxe1 Qd8 46.a8=Q Rxb8 47.Qaxe4 
Qc8 48.d5 exd5 49.Qxd5+ Kh8 50.Qd3 Bf5 51.Qdc3 Be4+ 52.Kg1 Qf5 53.g4 Qxg4+
54.Qeg3 Qd1+ 55.Kf2 Rf8+ 56.Ke3 Qf3+ 57.Kd2 Rd8+ 58.Kc1 Qd1+ 59.Kb2 Qb1+ 
0-1

[Event "12th American Continental"]
[Site "Medellin COL"]
[Date "2017.06.17"]
[Round "10.61"]
[White "Castano Grajales, Jhon Edison"]
[Black "Markzon, Gregory"]
[Result "1/2-1/2"]
[WhiteElo "2088"]
[BlackElo "2222"]
[EventDate "2017.06.10"]
[PlyCount "48"]

1.d4 Nf6 2.c4 g6 3.Nc3 Bg7 4.e4 d6 5.Be2 O-O 6.Nf3 e5 7.d5 a5 8.Bg5 h6 9.
Bh4 g5 10.Bg3 Nh5 11.h4 g4 12.Nh2 Nxg3 13.fxg3 h5 14.O-O Na6 15.Bd3 Nc5 
16.Rf2 Bd7 17.Nf1 f5 18.exf5 e4 19.Bc2 Bxf5 20.Qd2 Bd7 21.Qg5 Nd3 22.Bxd3 
exd3 23.Re1 Rf7 24.Kh2 Ra6 1/2-1/2

[Event "12th American Continental"]
[Site "Medellin COL"]
[Date "2017.06.17"]
[Round "10.63"]
[White "Gonzalez Rodriguez, Eleicer"]
[Black "Chinchilla Miranda, Eugenio"]
[Result "1/2-1/2"]
[WhiteElo "2078"]
[BlackElo "2213"]
[EventDate "2017.06.10"]
[PlyCount "54"]

1.e4 e5 2.Nf3 Nc6 3.Bb5 a6 4.Ba4 Nf6 5.O-O Be7 6.Re1 b5 7.Bb3 d6 8.h3 O-O 
9.c3 Nb8 10.d4 Nbd7 11.Nbd2 Bb7 12.Bc2 Re8 13.Nf1 Bf8 14.Ng3 g6 15.Be3 
exd4 16.Bxd4 c5 17.Bxf6 Qxf6 18.Qd2 Nb6 19.Rad1 Rad8 20.Bd3 d5 21.e5 Qe7 
22.Qf4 Bg7 23.h4 f6 24.exf6 Qxf6 25.Qc7 Qc6 26.Qf4 Qf6 27.Qc7 Qc6 1/2-1/2

[Event "12th American Continental"]
[Site "Medellin COL"]
[Date "2017.06.17"]
[Round "10.64"]
[White "Zapata Hincapie, Jhon Alexander"]
[Black "Castaneda, Jhon David"]
[Result "0-1"]
[WhiteElo "2055"]
[BlackElo "2195"]
[EventDate "2017.06.10"]
[PlyCount "120"]

1.e4 e5 2.Nf3 Nc6 3.Bb5 a6 4.Ba4 Nf6 5.O-O Be7 6.Re1 b5 7.Bb3 O-O 8.h3 Bb7
9.d3 d6 10.a3 Na5 11.Ba2 c5 12.Nbd2 Re8 13.Nf1 Bf8 14.Ng3 g6 15.c3 Bg7 16.
d4 exd4 17.cxd4 c4 18.d5 Nd7 19.Bg5 Qc7 20.Re2 Nc5 21.Nd4 Bc8 22.h4 Nd3 
23.Be3 Bd7 24.Rc2 Qd8 25.Bg5 Qb6 26.Nf3 Nxb2 27.Qd2 Na4 28.Rb1 c3 29.Qf4 
Nb2 30.h5 Nac4 31.Bxc4 Nxc4 32.Rb3 f6 33.hxg6 hxg6 34.Bh6 Qd8 35.Bxg7 Kxg7
36.Rcxc3 Qe7 37.Nd2 g5 38.Nh5+ Kg6 39.Qxf6+ Qxf6 40.Nxf6 Nxd2 41.Nxe8 Rxe8
42.Rb2 Nxe4 43.Rc7 Nc5 44.Rb1 Re5 45.Rd1 Kf6 46.Ra7 Bf5 47.f3 Bc2 48.Rd4 
Bb3 49.f4 Rxd5 50.fxg5+ Kxg5 51.Rg7+ Kf6 52.Rdg4 Rf5 53.R4g6+ Ke5 54.g4 
Rf8 55.g5 Ne6 56.Ra7 Kf5 57.Rh6 Rg8 58.Rxa6 Nxg5 59.Kf1 Ne4 60.Ra7 Bc4+ 
0-1

[Event "12th American Continental"]
[Site "Medellin COL"]
[Date "2017.06.17"]
[Round "10.70"]
[White "Agudelo, Carlos Daniel"]
[Black "Noboa Silva, Kevin"]
[Result "0-1"]
[WhiteElo "1924"]
[BlackElo "2129"]
[EventDate "2017.06.10"]
[PlyCount "29"]

1.c4 e5 2.Nc3 Nf6 3.g3 Bc5 4.Bg2 Nc6 5.e3 d6 6.Nge2 a6 7.O-O O-O 8.b3 Bd7 
9.Bb2 Bf5 10.a3 Bb6 11.f4 Rb8 12.Nd5 Nd7 13.Rf2 Bc5 14.Rc1 e4 15.Nec3 0-1

[Event "12th American Continental"]
[Site "Medellin COL"]
[Date "2017.06.17"]
[Round "10.74"]
[White "Guerrero Avila, Hernando"]
[Black "Soto, Cristian Camilo"]
[Result "0-1"]
[WhiteElo "1893"]
[BlackElo "2102"]
[EventDate "2017.06.10"]
[PlyCount "127"]

1.e4 e5 2.Nf3 f5 3.d4 fxe4 4.Nxe5 Nf6 5.Be2 d6 6.Ng4 Be7 7.Nxf6+ Bxf6 8.
Bh5+ g6 9.Be2 O-O 10.c3 d5 11.Na3 c6 12.Nc2 Be6 13.O-O Nd7 14.f3 exf3 15.
Bxf3 Bg7 16.Kh1 Nf6 17.Bg5 Qd7 18.Nb4 Ne4 19.Bxe4 dxe4 20.Qe2 Rae8 21.
Rxf8+ Bxf8 22.Nc2 Bd6 23.Ne3 Rf8 24.Rf1 Bxa2 25.Rxf8+ Bxf8 26.Ng4 Qf5 27.
h4 Bg7 28.Ne3 Qe6 29.Qg4 b5 30.Qxe6+ Bxe6 31.Kg1 a5 32.Bd8 a4 33.Kf2 b4 
34.Be7 a3 35.bxa3 bxc3 36.Bc5 Bb3 37.Ke2 Kf7 38.g4 Ke6 39.g5 Kd7 40.Ng4 
Bc4+ 41.Ke3 Bd3 42.Ne5+ Bxe5 43.dxe5 Ke6 44.Bd4 c2 45.Kd2 Kd5 46.Bb2 Kc4 
47.e6 Kb3 48.Bc1 c5 49.a4 Kxa4 50.e7 Bb5 51.Kc3 Ka5 52.Be3 Ba4 53.Bc1 Kb6 
54.e8=Q Bxe8 55.Kxc2 Kc6 56.Kc3 Kd5 57.Be3 Bb5 58.Bf4 Bd3 59.Be3 c4 60.Bf2
Ke6 61.Kd2 Kf5 62.Bg3 Kg4 63.Bf2 Kf3 64.Be1 0-1

[Event "12th American Continental"]
[Site "Medellin COL"]
[Date "2017.06.17"]
[Round "10.78"]
[White "Patino Garcia, Corals"]
[Black "Franco Valencia, Beatriz Irene"]
[Result "0-1"]
[WhiteElo "1967"]
[BlackElo "2173"]
[EventDate "2017.06.10"]
[PlyCount "82"]

1.d4 d6 2.e4 g6 3.Bc4 Bg7 4.Nf3 a6 5.Bb3 Nc6 6.c3 Nf6 7.Qe2 e5 8.O-O Bg4 
9.Rd1 O-O 10.h3 Bxf3 11.Qxf3 Qe7 12.d5 Na7 13.Na3 Nd7 14.Bc2 b5 15.Be3 Nc8
16.c4 b4 17.Nb1 f5 18.a3 b3 19.Bxb3 Rb8 20.Ba4 Rxb2 21.Bxd7 Qxd7 22.Nc3 
Rb3 23.Rdc1 f4 24.Bd2 Nb6 25.Qd3 f3 26.Rcb1 Rxb1+ 27.Rxb1 fxg2 28.Kxg2 Qf7
29.Rf1 Nd7 30.f3 Nc5 31.Qc2 Qe7 32.Na4 Nd7 33.Be3 Bf6 34.Qc1 Bh4 35.c5 Nf6
36.cxd6 cxd6 37.Nc3 Nh5 38.Ne2 Rb8 39.Qd2 Kh8 40.Rc1 g5 41.Qd3 g4 0-1

[Event "12th American Continental"]
[Site "Medellin COL"]
[Date "2017.06.17"]
[Round "10.79"]
[White "Montenegro Mancera, Juan Rolando"]
[Black "Obando Guzman, Soren Federico"]
[Result "1-0"]
[WhiteElo "2146"]
[BlackElo "1964"]
[EventDate "2017.06.10"]
[PlyCount "65"]

1.e4 c5 2.Nc3 a6 3.d3 b5 4.g3 Bb7 5.Bg2 e6 6.Nh3 Nf6 7.O-O b4 8.e5 Bxg2 9.
Kxg2 bxc3 10.exf6 Qxf6 11.Bg5 Qf5 12.bxc3 f6 13.Bd2 Nc6 14.Nf4 h5 15.Qe2 
Bd6 16.Rab1 Kf7 17.Rb7 Rad8 18.Re1 Ne7 19.c4 g5 20.Nxh5 g4 21.Nf4 e5 22.
Nd5 Rxh2+ 23.Kxh2 Qh5+ 24.Kg1 Nf5 25.c3 Rh8 26.Qe4 Qh2+ 27.Kf1 Nxg3+ 28.
fxg3 Qxd2 29.Rxd7+ Ke6 30.Qxg4+ f5 31.Rxd6+ Kxd6 32.Qg6+ Kd7 33.Qf7+ 1-0